[Event "I Open FIDE"]
[Site "Forli' ITA"]
[Date "1988.06.26"]
[Round "9"]
[White "Wagman, Stuart"]
[Black "Ljubisavljevic, Zivojin Z."]
[WhiteElo "2230"]
[BlackElo "2365"]
[Result "1-0"]
[PlyCount "81"]
[EventDate "1988.06.18"]

1. e4 c6 2. d4 d5 3. exd5 cxd5 4. Bd3 Nc6 5. c3 g6 6. Nf3 Bg4 7. O-O Bg7 8. Re1
Nf6 9. Nbd2 O-O 10. h3 Bf5 11. Bf1 h6 12. Nb3 g5 13. Ne5 Nd7 14. Nxd7 Qxd7 15.
Nc5 Qc7 16. Qf3 e6 17. Bd3 Ne7 18. h4 gxh4 19. Bf4 Qc6 20. Bxf5 Nxf5 21. Nd3
Kh7 22. Qh5 Qe8 23. Re2 Rg8 24. Rae1 Bf6 25. Kh2 Qf8 26. Be5 Rg5 27. Qf3 Qg7
28. Nf4 Bxe5 29. Rxe5 Rg8 30. Rg1 Rg4 31. Nxd5 Kh8 32. Ne3 Nxe3 33. Rxe3 b6 34.
Re4 h5 35. Re5 Qh6 36. Qxf7 R4g6 37. Qf3 Rf8 38. Rxh5 Rxf3 39. Rxh6+ Rxh6 40.
gxf3 Rf6 41. Rg4 1-0